000 00737nam a2200217Ii 4500
003 JO-AjNU
008 230605s9999||||xx |||||||||||||| ||und||
040 _aJO-AjNU
_bara
_erda
_cJO-AjNU
041 _aara
050 1 4 _aRJ131.T3264 1999
100 3 _aالطيبي ، عكاشة عبدالمنان,
_eauthor
_916846
245 0 0 _aمراحل نمو الطفل المثالي
250 _aط1
264 3 1 _aبيروت : دار الجيل ، 1999
300 _a168ص
336 _atext
_btxt
_2rdacontent
337 _aunmediated
_bn
_2rdamedia
338 _avolume
_bnc
_2rdacarrier
490 0 _aموسوعة تاطفل الصحية والنفسية
650 4 _aالاطفال-النمو -علم النفس الطفولة
_916847
999 _aA5083
_c8651
_d8651